[Event "415 Stay Safe Play From Home series"]
[Site "Emanuel Lasker Arena"]
[Date "2020.08.27"]
[Round "7"]
[White "AChessPlayer"]
[Black "Mepe_Nika"]
[Result "0-1"]
[WhiteElo "2335"]
[BlackElo "2390"]
[PlyCount "58"]
[EventDate "2020.08.27"]
[EventType "swiss (blitz)"]

1. e3 {[%emt 0:00:03]} d5 {[%emt 0:00:02]} 2. c3 {[%emt 0:00:01]} Nf6 {[%emt 0:00:01]} 3. d4 {[%emt 0:00:00]} c6 {[%emt 0:00:01]} 4. f4 {[%emt 0:00:00]} Bf5 {[%emt 0:00:01]} 5. Nf3 {[%emt 0:00:00]} e6 {[%emt 0:00:00]} 6. Nbd2 {[%emt 0:00:00]} Nbd7 {[%emt 0:00:01]} 7. Ne5 {[%emt 0:00:00]} Ne4 {[%emt 0:00:01]} 8. Ndf3 {[%emt 0:00:01]} Bd6 {[%emt 0:00:02]} 9. Be2 {[%emt 0:00:00]} O-O {[%emt 0:00:01]} 10. O-O {[%emt 0:00:00]} f6 {[%emt 0:00:00]} 11. Nd3 {[%emt 0:00:00]} Qc7 {[%emt 0:00:04]} 12. Nh4 {[%emt 0:00:01]} Bg6 {[%emt 0:00:02]} 13. Nxg6 {[%emt 0:00:02]} hxg6 {[%emt 0:00:00]} 14. Bf3 {[%emt 0:00:01]} f5 {[%emt 0:00:02]} 15. Bd2 {[%emt 0:00:01]} Be7 {[%emt 0:00:01]} 16. Be1 {[%emt 0:00:00]} g5 {[%emt 0:00:01]} 17. g3 {[%emt 0:00:02]} g4 {[%emt 0:00:01]} 18. Bg2 {[%emt 0:00:01]} g5 {[%emt 0:00:01]} 19. b3 {[%emt 0:00:01]} Kg7 {[%emt 0:00:01]} 20. c4 {[%emt 0:00:01]} Rh8 {[%emt 0:00:01]} 21. Qc2 {[%emt 0:00:02]} Qd6 {[%emt 0:00:01]} 22. Ne5 {[%emt 0:00:01]} Nxe5 {[%emt 0:00:01]} 23. fxe5 {[%emt 0:00:02]} Qd7 {[%emt 0:00:01]} 24. Rc1 {[%emt 0:00:04]} Rac8 {[%emt 0:00:02]} 25. Qb2 {[%emt 0:00:03]} Kg6 {[%emt 0:00:01]} 26. a3 {[%emt 0:00:01]} a6 {[%emt 0:00:01]} 27. b4 {[%emt 0:00:01]} Rh7 {[%emt 0:00:01]} 28. a4 {[%emt 0:00:03]} Rch8 {[%emt 0:00:00]} 29. Bf3 {[%emt 0:00:00]} gxf3 {[%emt 0:00:01] AChessPlayer resigns AChessPlayer resigns AChessPlayer resigns (Lag: Av=0.66s, max=1.3s) (Lag: Av=0.66s, max=1.3s) (Lag: Av=0.66s, max=1.3s)} 0-1

[Event "415 Stay Safe Play From Home series"]
[Site "Emanuel Lasker Arena"]
[Date "2020.08.27"]
[Round "7"]
[White "Schachwerk_64"]
[Black "NTBT_DHS"]
[Result "0-1"]
[WhiteElo "1956"]
[BlackElo "2577"]
[Annotator "NA"]
[PlyCount "44"]
[EventDate "2020.08.27"]
[EventType "swiss (blitz)"]

1. d3 {[%emt 0:00:02]} Nf6 {[%emt 0:00:01]} 2. g3 {[%emt 0:00:00]} d5 {[%emt 0:00:00]} 3. Bg2 {[%emt 0:00:00]} Bf5 {[%emt 0:00:00]} 4. Nd2 {[%emt 0:00:00]} c6 {[%emt 0:00:00]} 5. e3 {[%emt 0:00:01]} e6 {[%emt 0:00:01]} 6. Ne2 {[%emt 0:00:00]} Nbd7 {[%emt 0:00:00]} 7. c3 {[%emt 0:00:01]} Be7 {[%emt 0:00:00]} 8. d4 {[%emt 0:00:01]} O-O {[%emt 0:00:02]} 9. O-O {[%emt 0:00:00]} e5 {[%emt 0:00:00]} 10. h3 {[%emt 0:00:01]} Re8 {[%emt 0:00:02]} 11. g4 {[%emt 0:00:01]} Bg6 {[%emt 0:00:00]} 12. g5 {[%emt 0:00:02]} Ne4 {[%emt 0:00:02]} 13. Nxe4 {[%emt 0:00:02]} Bxe4 {[%emt 0:00:00]} 14. f3 {[%emt 0:00:01]} Bg6 {[%emt 0:00:01]} 15. Ng3 {[%emt 0:00:01]} Bxg5 {[%emt 0:00:01]} 16. f4 {[%emt 0:00:02]} exf4 {[%emt 0:00:01]} 17. exf4 {[%emt 0:00:00]} Bh4 {[%emt 0:00:01]} 18. Qg4 {[%emt 0:00:03]} Bxg3 {[%emt 0:00:02]} 19. Qxg3 {[%emt 0:00:00]} Bf5 {[%emt 0:00:01]} 20. Bd2 {[%emt 0:00:03]} Nf6 {[%emt 0:00:00]} 21. Rae1 {[%emt 0:00:02]} Ne4 {[%emt 0:00:00]} 22. Qf2 {[%emt 0:00:03]} Nxf2 {[%emt 0:00:01] Schachwerk_64 gibt auf Schachwerk_64 gibt auf Schachwerk_64 gibt auf (Lag: Av=0.50s, max=0.8s) (Lag: Av=0.50s, max=0.8s) (Lag: Av=0.50s, max=0.8s)} 0-1

[Event "415 Stay Safe Play From Home series"]
[Site "Emanuel Lasker Arena"]
[Date "2020.08.27"]
[Round "7"]
[White "Stepmaker"]
[Black "Ao017545"]
[Result "1/2-1/2"]
[WhiteElo "1410"]
[BlackElo "1581"]
[Annotator "NA"]
[PlyCount "88"]
[EventDate "2020.08.27"]
[EventType "swiss (blitz)"]

1. d4 {[%emt 0:00:02]} e5 {[%emt 0:00:00]} 2. c3 {[%emt 0:00:00]} exd4 {[%emt 0:00:00]} 3. cxd4 {[%emt 0:00:01]} d5 {[%emt 0:00:00]} 4. Nc3 {[%emt 0:00:01]} c5 {[%emt 0:00:00]} 5. Nf3 {[%emt 0:00:01]} cxd4 {[%emt 0:00:01]} 6. Qxd4 {[%emt 0:00:02]} Nf6 {[%emt 0:00:03]} 7. Bg5 {[%emt 0:00:02]} Nc6 {[%emt 0:00:00]} 8. Qa4 {[%emt 0:00:04]} Bb4 {[%emt 0:00:04]} 9. Bxf6 {[%emt 0:00:02]} Qxf6 {[%emt 0:00:02]} 10. Rc1 {[%emt 0:00:03]} O-O {[%emt 0:00:05]} 11. a3 {[%emt 0:00:01]} Bxc3+ {[%emt 0:00:03]} 12. Rxc3 {[%emt 0:00:01]} d4 {[%emt 0:00:02]} 13. Rd3 {[%emt 0:00:02]} Bd7 {[%emt 0:00:03]} 14. Nxd4 {[%emt 0:00:02]} Nxd4 {[%emt 0:00:02]} 15. Qxd4 {[%emt 0:00:01]} Qxd4 {[%emt 0:00:03]} 16. Rxd4 {[%emt 0:00:01]} Be6 {[%emt 0:00:02]} 17. e3 {[%emt 0:00:01]} Rac8 {[%emt 0:00:01]} 18. Be2 {[%emt 0:00:02]} Rc1+ {[%emt 0:00:03]} 19. Bd1 {[%emt 0:00:01]} Bb3 {[%emt 0:00:02]} 20. O-O {[%emt 0:00:01]} Rfc8 {[%emt 0:00:05]} 21. Bxb3 {[%emt 0:00:02]} Rxf1+ {[%emt 0:00:02]} 22. Kxf1 {[%emt 0:00:01]} g6 {[%emt 0:00:00]} 23. Ke2 {[%emt 0:00:01]} Rc1 {[%emt 0:00:00]} 24. Rd7 {[%emt 0:00:02]} Rb1 {[%emt 0:00:01]} 25. Rxb7 {[%emt 0:00:03]} Rxb2+ {[%emt 0:00:00]} 26. Kd3 {[%emt 0:00:03]} Rxf2 {[%emt 0:00:01]} 27. Bxf7+ {[%emt 0:00:02]} Rxf7 {[%emt 0:00:08]} 28. Rxf7 {[%emt 0:00:02]} Kxf7 {[%emt 0:00:00]} 29. Kc4 {[%emt 0:00:01]} Ke6 {[%emt 0:00:00]} 30. Kb5 {[%emt 0:00:01]} Kd6 {[%emt 0:00:00]} 31. Ka6 {[%emt 0:00:00]} Kc7 {[%emt 0:00:00]} 32. Kxa7 {[%emt 0:00:00]} g5 {[%emt 0:00:02]} 33. a4 {[%emt 0:00:01]} h5 {[%emt 0:00:00]} 34. Ka6 {[%emt 0:00:02]} g4 {[%emt 0:00:00]} 35. Kb5 {[%emt 0:00:01]} Kc8 {[%emt 0:00:01]} 36. Kc5 {[%emt 0:00:01]} h4 {[%emt 0:00:00]} 37. Kd5 {[%emt 0:00:01]} g3 {[%emt 0:00:00]} 38. hxg3 {[%emt 0:00:01]} hxg3 {[%emt 0:00:00]} 39. Ke5 {[%emt 0:00:03]} Kd7 {[%emt 0:00:00]} 40. Kf4 {[%emt 0:00:00]} Ke7 {[%emt 0:00:00]} 41. e4 {[%emt 0:00:00]} Kf7 {[%emt 0:00:00]} 42. Kxg3 {[%emt 0:00:00]} Kg7 {[%emt 0:00:02]} 43. e5 {[%emt 0:00:00]} Kf7 {[%emt 0:00:00]} 44. a5 {[%emt 0:00:00]} Ke7 {[%emt 0:00:00] TimeW-cantwin TimeW-cantwin TimeW-cantwin} 1/2-1/2

[Event "415 Stay Safe Play From Home series"]
[Site "Emanuel Lasker Arena"]
[Date "2020.08.27"]
[Round "7"]
[White "Klasman"]
[Black "Fischer_11"]
[Result "0-1"]
[WhiteElo "1318"]
[BlackElo "2032"]
[Annotator "NA"]
[PlyCount "50"]
[EventDate "2020.08.27"]
[EventType "swiss (blitz)"]

1. f4 {[%emt 0:00:02]} Nf6 {[%emt 0:00:01]} 2. Nf3 {[%emt 0:00:02]} g6 {[%emt 0:00:00]} 3. c4 {[%emt 0:00:03]} Bg7 {[%emt 0:00:00]} 4. Nc3 {[%emt 0:00:01]} O-O {[%emt 0:00:00]} 5. d4 {[%emt 0:00:01]} b6 {[%emt 0:00:00]} 6. e4 {[%emt 0:00:01]} Bb7 {[%emt 0:00:00]} 7. e5 {[%emt 0:00:02]} Ne8 {[%emt 0:00:02]} 8. Bd3 {[%emt 0:00:02]} d6 {[%emt 0:00:00]} 9. Be3 {[%emt 0:00:02]} dxe5 {[%emt 0:00:01]} 10. fxe5 {[%emt 0:00:01]} e6 {[%emt 0:00:02]} 11. O-O {[%emt 0:00:01]} c5 {[%emt 0:00:00]} 12. dxc5 {[%emt 0:00:05]} Nd7 {[%emt 0:00:04]} 13. cxb6 {[%emt 0:00:01]} axb6 {[%emt 0:00:00]} 14. Ne4 {[%emt 0:00:04]} Nxe5 {[%emt 0:00:03]} 15. Nxe5 {[%emt 0:00:05]} Bxe5 {[%emt 0:00:00]} 16. Qe2 {[%emt 0:00:05]} Bd4 {[%emt 0:00:03]} 17. Rad1 {[%emt 0:00:02]} Nf6 {[%emt 0:00:05]} 18. Bxd4 {[%emt 0:00:03]} Qxd4+ {[%emt 0:00:02]} 19. Qf2 {[%emt 0:00:06]} Qxf2+ {[%emt 0:00:03]} 20. Nxf2 {[%emt 0:00:01]} Rfd8 {[%emt 0:00:03]} 21. Bc2 {[%emt 0:00:02]} Kg7 {[%emt 0:00:03]} 22. Nh3 {[%emt 0:00:02]} Rxd1 {[%emt 0:00:01]} 23. Bxd1 {[%emt 0:00:02]} Be4 {[%emt 0:00:00]} 24. Ng5 {[%emt 0:00:02]} Bf5 {[%emt 0:00:00]} 25. g4 {[%emt 0:00:02]} h6 {[%emt 0:00:00] Time Time Time (Lag: Av=0.41s, max=0.5s) (Lag: Av=0.41s, max=0.5s) (Lag: Av=0.41s, max=0.5s)} 0-1

[Event "415 Stay Safe Play From Home series"]
[Site "Emanuel Lasker Arena"]
[Date "2020.08.27"]
[Round "8"]
[White "Tran Minh Thang"]
[Black "IceQueen"]
[Result "1-0"]
[WhiteElo "2433"]
[BlackElo "2370"]
[PlyCount "89"]
[EventDate "2020.08.27"]
[EventType "swiss (blitz)"]

1. Nf3 {[%emt 0:00:01]} d6 {[%emt 0:00:00]} 2. e3 {[%emt 0:00:00]} Nf6 {[%emt 0:00:00]} 3. b3 {[%emt 0:00:00]} g6 {[%emt 0:00:00]} 4. Bb2 {[%emt 0:00:00]} Bg7 {[%emt 0:00:00]} 5. Be2 {[%emt 0:00:00]} c5 {[%emt 0:00:01]} 6. O-O {[%emt 0:00:00]} O-O {[%emt 0:00:00]} 7. d4 {[%emt 0:00:00]} cxd4 {[%emt 0:00:01]} 8. Nxd4 {[%emt 0:00:01]} Bd7 {[%emt 0:00:01]} 9. Bf3 {[%emt 0:00:01]} Nc6 {[%emt 0:00:01]} 10. a4 {[%emt 0:00:01]} e5 {[%emt 0:00:00]} 11. Nxc6 {[%emt 0:00:01]} bxc6 {[%emt 0:00:00]} 12. Qxd6 {[%emt 0:00:02]} Nd5 {[%emt 0:00:04]} 13. Bxe5 {[%emt 0:00:04]} f6 {[%emt 0:00:02]} 14. Bxd5+ {[%emt 0:00:05]} cxd5 {[%emt 0:00:00]} 15. Qxd5+ {[%emt 0:00:00]} Kh8 {[%emt 0:00:00]} 16. Bd4 {[%emt 0:00:01]} Qc7 {[%emt 0:00:01]} 17. c4 {[%emt 0:00:01]} Bc6 {[%emt 0:00:01]} 18. Qc5 {[%emt 0:00:01]} Rac8 {[%emt 0:00:01]} 19. Nc3 {[%emt 0:00:01]} a6 {[%emt 0:00:01]} 20. Nd5 {[%emt 0:00:01]} Qd7 {[%emt 0:00:01]} 21. Nb6 {[%emt 0:00:01]} Qg4 {[%emt 0:00:02]} 22. f3 {[%emt 0:00:00]} Bxf3 {[%emt 0:00:01]} 23. Rxf3 {[%emt 0:00:02]} Rxc5 {[%emt 0:00:01]} 24. Bxc5 {[%emt 0:00:00]} Re8 {[%emt 0:00:01]} 25. Nd5 {[%emt 0:00:01]} f5 {[%emt 0:00:01]} 26. Rd1 {[%emt 0:00:01]} h5 {[%emt 0:00:01]} 27. Bd4 {[%emt 0:00:03]} Rb8 {[%emt 0:00:02]} 28. Bxg7+ {[%emt 0:00:02]} Kxg7 {[%emt 0:00:00]} 29. b4 {[%emt 0:00:01]} Qxc4 {[%emt 0:00:02]} 30. Nf4 {[%emt 0:00:05]} Rxb4 {[%emt 0:00:04]} 31. Rg3 {[%emt 0:00:00]} Rb6 {[%emt 0:00:01]} 32. Nxh5+ {[%emt 0:00:02]} Kf7 {[%emt 0:00:00]} 33. Nf4 {[%emt 0:00:01]} Qxa4 {[%emt 0:00:03]} 34. Rc1 {[%emt 0:00:03]} Qd7 {[%emt 0:00:02]} 35. h4 {[%emt 0:00:01]} a5 {[%emt 0:00:01]} 36. h5 {[%emt 0:00:00]} gxh5 {[%emt 0:00:01]} 37. Nxh5 {[%emt 0:00:00]} Qd2 {[%emt 0:00:01]} 38. Rc7+ {[%emt 0:00:03]} Ke6 {[%emt 0:00:01]} 39. Rg6+ {[%emt 0:00:01]} Ke5 {[%emt 0:00:01]} 40. Re7+ {[%emt 0:00:00]} Kd5 {[%emt 0:00:04]} 41. Rd7+ {[%emt 0:00:00]} Kc4 {[%emt 0:00:01]} 42. Rxd2 {[%emt 0:00:00]} Rxg6 {[%emt 0:00:00]} 43. Rd4+ {[%emt 0:00:00]} Kc3 {[%emt 0:00:01]} 44. Nf4 {[%emt 0:00:00]} Rb6 {[%emt 0:00:01]} 45. Nd5+ {[%emt 0:00:00] IceQueen resigns IceQueen resigns IceQueen resigns (Lag: Av=0.58s, max=0.7s) (Lag: Av=0.58s, max=0.7s) (Lag: Av=0.58s, max=0.7s)} 1-0

[Event "415 Stay Safe Play From Home series"]
[Site "Emanuel Lasker Arena"]
[Date "2020.08.27"]
[Round "8"]
[White "Mepe_Nika"]
[Black "Lazieri3"]
[Result "1-0"]
[WhiteElo "2405"]
[BlackElo "2096"]
[PlyCount "39"]
[EventDate "2020.08.27"]
[EventType "swiss (blitz)"]

1. d4 {[%emt 0:00:01]} c6 {[%emt 0:00:00]} 2. e4 {[%emt 0:00:01]} d5 {[%emt 0:00:00]} 3. exd5 {[%emt 0:00:01]} cxd5 {[%emt 0:00:00]} 4. Bd3 {[%emt 0:00:00]} Nc6 {[%emt 0:00:00]} 5. c3 {[%emt 0:00:00]} Nf6 {[%emt 0:00:00]} 6. Bf4 {[%emt 0:00:00]} Bg4 {[%emt 0:00:00]} 7. Qb3 {[%emt 0:00:00]} Qb6 {[%emt 0:00:00]} 8. Qxb6 {[%emt 0:00:02]} axb6 {[%emt 0:00:00]} 9. Na3 {[%emt 0:00:00]} e6 {[%emt 0:00:01]} 10. h3 {[%emt 0:00:01]} Bf5 {[%emt 0:00:01]} 11. Bxf5 {[%emt 0:00:02]} exf5 {[%emt 0:00:00]} 12. Nb5 {[%emt 0:00:01]} O-O-O {[%emt 0:00:00]} 13. Nf3 {[%emt 0:00:02]} Ne4 {[%emt 0:00:02]} 14. Ne5 {[%emt 0:00:03]} Nxe5 {[%emt 0:00:01]} 15. Bxe5 {[%emt 0:00:00]} Nd6 {[%emt 0:00:01]} 16. Nxd6+ {[%emt 0:00:03]} Bxd6 {[%emt 0:00:00]} 17. Bxg7 {[%emt 0:00:01]} Rhg8 {[%emt 0:00:01]} 18. Bf6 {[%emt 0:00:00]} Rxg2 {[%emt 0:00:01]} 19. Bxd8 {[%emt 0:00:02]} Kxd8 {[%emt 0:00:00]} 20. Ke2 {[%emt 0:00:01] Lazieri3 resigns Lazieri3 resigns Lazieri3 resigns (Lag: Av=0.57s, max=0.7s) (Lag: Av=0.57s, max=0.7s) (Lag: Av=0.57s, max=0.7s)} 1-0

[Event "415 Stay Safe Play From Home series"]
[Site "Emanuel Lasker Arena"]
[Date "2020.08.27"]
[Round "8"]
[White "Nguyen Hong Anh"]
[Black "Hickey"]
[Result "1-0"]
[WhiteElo "2285"]
[BlackElo "2349"]
[PlyCount "105"]
[EventDate "2020.08.27"]
[EventType "swiss (blitz)"]

1. d4 {[%emt 0:00:05]} Nf6 {[%emt 0:00:02]} 2. c4 {[%emt 0:00:00]} e6 {[%emt 0:00:00]} 3. Nf3 {[%emt 0:00:01]} b6 {[%emt 0:00:01]} 4. g3 {[%emt 0:00:01]} Ba6 {[%emt 0:00:01]} 5. Qc2 {[%emt 0:00:01]} Bb7 {[%emt 0:00:01]} 6. Bg2 {[%emt 0:00:01]} c5 {[%emt 0:00:00]} 7. dxc5 {[%emt 0:00:02]} Bxc5 {[%emt 0:00:00]} 8. O-O {[%emt 0:00:00]} O-O {[%emt 0:00:00]} 9. a3 {[%emt 0:00:00]} d5 {[%emt 0:00:01]} 10. b4 {[%emt 0:00:00]} Be7 {[%emt 0:00:01]} 11. c5 {[%emt 0:00:01]} bxc5 {[%emt 0:00:01]} 12. bxc5 {[%emt 0:00:01]} Qc7 {[%emt 0:00:01]} 13. Be3 {[%emt 0:00:01]} Nbd7 {[%emt 0:00:01]} 14. Rc1 {[%emt 0:00:01]} Rfc8 {[%emt 0:00:01]} 15. Nbd2 {[%emt 0:00:02]} Bxc5 {[%emt 0:00:03]} 16. Nb3 {[%emt 0:00:02]} Bd6 {[%emt 0:00:06]} 17. Qb2 {[%emt 0:00:01]} Qd8 {[%emt 0:00:01]} 18. Nbd4 {[%emt 0:00:01]} Ba6 {[%emt 0:00:03]} 19. Nc6 {[%emt 0:00:01]} Qf8 {[%emt 0:00:01]} 20. Nxa7 {[%emt 0:00:03]} Rcb8 {[%emt 0:00:01]} 21. Qa2 {[%emt 0:00:02]} Bc4 {[%emt 0:00:02]} 22. Qd2 {[%emt 0:00:02]} Rb7 {[%emt 0:00:02]} 23. Nc6 {[%emt 0:00:01]} Rxa3 {[%emt 0:00:02]} 24. Rxa3 {[%emt 0:00:01]} Bxa3 {[%emt 0:00:00]} 25. Rf1 {[%emt 0:00:00]} Bd6 {[%emt 0:00:01]} 26. Ncd4 {[%emt 0:00:01]} Nc5 {[%emt 0:00:01]} 27. Ng5 {[%emt 0:00:02]} h6 {[%emt 0:00:03]} 28. Ngf3 {[%emt 0:00:01]} Nce4 {[%emt 0:00:01]} 29. Qc1 {[%emt 0:00:00]} Bc5 {[%emt 0:00:02]} 30. Ne5 {[%emt 0:00:02]} Ra7 {[%emt 0:00:04]} 31. Nxc4 {[%emt 0:00:01]} dxc4 {[%emt 0:00:02]} 32. Qxc4 {[%emt 0:00:00]} Rc7 {[%emt 0:00:01]} 33. Nb5 {[%emt 0:00:02]} Rc8 {[%emt 0:00:04]} 34. Bxc5 {[%emt 0:00:02]} Rxc5 {[%emt 0:00:00]} 35. Qb4 {[%emt 0:00:01]} Re5 {[%emt 0:00:02]} 36. Qxf8+ {[%emt 0:00:01]} Kxf8 {[%emt 0:00:00]} 37. Nd4 {[%emt 0:00:00]} Nd6 {[%emt 0:00:01]} 38. e3 {[%emt 0:00:00]} Rc5 {[%emt 0:00:00]} 39. Rc1 {[%emt 0:00:00]} Nd5 {[%emt 0:00:00]} 40. Rxc5 {[%emt 0:00:02]} Nb7 {[%emt 0:00:00]} 41. Rb5 {[%emt 0:00:01]} Nd6 {[%emt 0:00:01]} 42. Rb8+ {[%emt 0:00:01]} Ke7 {[%emt 0:00:00]} 43. Nc6+ {[%emt 0:00:00]} Kf6 {[%emt 0:00:01]} 44. Ne5 {[%emt 0:00:00]} Nf5 {[%emt 0:00:00]} 45. Nd7+ {[%emt 0:00:01]} Ke7 {[%emt 0:00:01]} 46. Nf8 {[%emt 0:00:00]} Kf6 {[%emt 0:00:00]} 47. e4 {[%emt 0:00:00]} Nde3 {[%emt 0:00:02]} 48. exf5 {[%emt 0:00:01]} Nxf5 {[%emt 0:00:00]} 49. Rb7 {[%emt 0:00:00]} Nd4 {[%emt 0:00:00]} 50. Nd7+ {[%emt 0:00:00]} Ke7 {[%emt 0:00:01]} 51. Nc5+ {[%emt 0:00:00]} Kd6 {[%emt 0:00:00]} 52. Ne4+ {[%emt 0:00:00]} Ke5 {[%emt 0:00:00]} 53. Rxf7 {[%emt 0:00:00] Time Time Time (Lag: Av=1.20s, max=2.3s) (Lag: Av=1.20s, max=2.3s) (Lag: Av=1.20s, max=2.3s)} 1-0

[Event "415 Stay Safe Play From Home series"]
[Site "Emanuel Lasker Arena"]
[Date "2020.08.27"]
[Round "8"]
[White "Fischer_11"]
[Black "NTBT_DHS"]
[Result "0-1"]
[WhiteElo "2033"]
[BlackElo "2578"]
[Annotator "NA"]
[PlyCount "134"]
[EventDate "2020.08.27"]
[EventType "swiss (blitz)"]

1. e4 {[%emt 0:00:01]} g6 {[%emt 0:00:01]} 2. d4 {[%emt 0:00:01]} Bg7 {[%emt 0:00:00]} 3. Nc3 {[%emt 0:00:00]} d6 {[%emt 0:00:00]} 4. Bg5 {[%emt 0:00:00]} h6 {[%emt 0:00:01]} 5. Bh4 {[%emt 0:00:00]} Nc6 {[%emt 0:00:00]} 6. d5 {[%emt 0:00:02]} Ne5 {[%emt 0:00:01]} 7. Qd2 {[%emt 0:00:00]} g5 {[%emt 0:00:01]} 8. Bg3 {[%emt 0:00:01]} Ng6 {[%emt 0:00:01]} 9. O-O-O {[%emt 0:00:01]} e5 {[%emt 0:00:01]} 10. dxe6 {[%emt 0:00:01]} Bxe6 {[%emt 0:00:00]} 11. f4 {[%emt 0:00:01]} gxf4 {[%emt 0:00:01]} 12. Bxf4 {[%emt 0:00:00]} Nxf4 {[%emt 0:00:00]} 13. Qxf4 {[%emt 0:00:00]} Ne7 {[%emt 0:00:00]} 14. Nf3 {[%emt 0:00:01]} Ng6 {[%emt 0:00:01]} 15. Qe3 {[%emt 0:00:01]} Qe7 {[%emt 0:00:01]} 16. Kb1 {[%emt 0:00:01]} O-O {[%emt 0:00:02]} 17. h3 {[%emt 0:00:02]} c6 {[%emt 0:00:02]} 18. g4 {[%emt 0:00:03]} Rad8 {[%emt 0:00:04]} 19. Nd4 {[%emt 0:00:01]} Rfe8 {[%emt 0:00:01]} 20. Bd3 {[%emt 0:00:03]} Qg5 {[%emt 0:00:03]} 21. Qxg5 {[%emt 0:00:02]} hxg5 {[%emt 0:00:00]} 22. Nf5 {[%emt 0:00:00]} Nf4 {[%emt 0:00:02]} 23. Rdf1 {[%emt 0:00:07]} Bxf5 {[%emt 0:00:01]} 24. exf5 {[%emt 0:00:03]} Bxc3 {[%emt 0:00:02]} 25. bxc3 {[%emt 0:00:01]} f6 {[%emt 0:00:05]} 26. h4 {[%emt 0:00:01]} Kg7 {[%emt 0:00:00]} 27. hxg5 {[%emt 0:00:01]} fxg5 {[%emt 0:00:00]} 28. f6+ {[%emt 0:00:02]} Kxf6 {[%emt 0:00:03]} 29. Rh6+ {[%emt 0:00:01]} Ke5 {[%emt 0:00:03]} 30. Re1+ {[%emt 0:00:03]} Kd5 {[%emt 0:00:00]} 31. Rxe8 {[%emt 0:00:01]} Rxe8 {[%emt 0:00:00]} 32. Kb2 {[%emt 0:00:01]} b5 {[%emt 0:00:01]} 33. Bf5 {[%emt 0:00:01]} a5 {[%emt 0:00:01]} 34. a3 {[%emt 0:00:01]} a4 {[%emt 0:00:01]} 35. Rh7 {[%emt 0:00:01]} Re2 {[%emt 0:00:02]} 36. Rg7 {[%emt 0:00:01]} Nh3 {[%emt 0:00:03]} 37. Bd7 {[%emt 0:00:02]} Kc5 {[%emt 0:00:01]} 38. Bc8 {[%emt 0:00:01]} Re5 {[%emt 0:00:02]} 39. Rf7 {[%emt 0:00:04]} Nf4 {[%emt 0:00:02]} 40. Rf5 {[%emt 0:00:00]} Rxf5 {[%emt 0:00:01]} 41. gxf5 {[%emt 0:00:00]} Nd5 {[%emt 0:00:00]} 42. f6 {[%emt 0:00:00]} Nxf6 {[%emt 0:00:00]} 43. Bf5 {[%emt 0:00:01]} d5 {[%emt 0:00:00]} 44. Bg4 {[%emt 0:00:00]} Kd6 {[%emt 0:00:01]} 45. Bf3 {[%emt 0:00:00]} c5 {[%emt 0:00:00]} 46. Bg2 {[%emt 0:00:00]} c4 {[%emt 0:00:00]} 47. Kc1 {[%emt 0:00:01]} Kc5 {[%emt 0:00:00]} 48. Kd2 {[%emt 0:00:00]} Ne4+ {[%emt 0:00:00]} 49. Ke3 {[%emt 0:00:00]} Nxc3 {[%emt 0:00:01]} 50. Bf3 {[%emt 0:00:01]} Nb1 {[%emt 0:00:00]} 51. Kf2 {[%emt 0:00:00]} Nxa3 {[%emt 0:00:00]} 52. Be4 {[%emt 0:00:00]} Nxc2 {[%emt 0:00:00]} 53. Bxd5 {[%emt 0:00:00]} Kxd5 {[%emt 0:00:01]} 54. Kf3 {[%emt 0:00:00]} b4 {[%emt 0:00:00]} 55. Kg4 {[%emt 0:00:00]} b3 {[%emt 0:00:00]} 56. Kh5 {[%emt 0:00:00]} b2 {[%emt 0:00:00]} 57. Kg6 {[%emt 0:00:00]} Nd4 {[%emt 0:00:00]} 58. Kh5 {[%emt 0:00:00]} g4 {[%emt 0:00:00]} 59. Kxg4 {[%emt 0:00:00]} Ne2 {[%emt 0:00:01]} 60. Kf5 {[%emt 0:00:00]} Nd4+ {[%emt 0:00:00]} 61. Kf6 {[%emt 0:00:00]} b1=Q {[%emt 0:00:00]} 62. Kf7 {[%emt 0:00:00]} Qf5+ {[%emt 0:00:00]} 63. Ke8 {[%emt 0:00:01]} Qe6+ {[%emt 0:00:00]} 64. Kd8 {[%emt 0:00:00]} Qf7 {[%emt 0:00:00]} 65. Kc8 {[%emt 0:00:01]} Kc6 {[%emt 0:00:00]} 66. Kb8 {[%emt 0:00:00]} Qd7 {[%emt 0:00:00]} 67. Ka8 {[%emt 0:00:00]} Qb7# {[%emt 0:00:00] (Lag: Av=0.47s, max=1.2s) (Lag: Av=0.47s, max=1.2s) (Lag: Av=0.47s, max=1.2s)} 0-1

[Event "415 Stay Safe Play From Home series"]
[Site "Emanuel Lasker Arena"]
[Date "2020.08.27"]
[Round "8"]
[White "TheCHESSHOUSE"]
[Black "Stepmaker"]
[Result "1-0"]
[WhiteElo "2020"]
[BlackElo "1418"]
[PlyCount "59"]
[EventDate "2020.08.27"]
[EventType "swiss (blitz)"]

1. d4 {[%emt 0:00:02]} e6 {[%emt 0:00:00]} 2. c4 {[%emt 0:00:00]} d5 {[%emt 0:00:01]} 3. g3 {[%emt 0:00:00]} c6 {[%emt 0:00:01]} 4. Bg2 {[%emt 0:00:00]} Bd7 {[%emt 0:00:01]} 5. Nf3 {[%emt 0:00:00]} Na6 {[%emt 0:00:01]} 6. O-O {[%emt 0:00:00]} Nc7 {[%emt 0:00:00]} 7. Nbd2 {[%emt 0:00:00]} Be7 {[%emt 0:00:01]} 8. e4 {[%emt 0:00:00]} dxe4 {[%emt 0:00:01]} 9. Nxe4 {[%emt 0:00:00]} f5 {[%emt 0:00:01]} 10. Nc3 {[%emt 0:00:04]} Nf6 {[%emt 0:00:01]} 11. Bf4 {[%emt 0:00:01]} O-O {[%emt 0:00:03]} 12. Re1 {[%emt 0:00:00]} Nh5 {[%emt 0:00:02]} 13. Ne5 {[%emt 0:00:01]} Nxf4 {[%emt 0:00:04]} 14. gxf4 {[%emt 0:00:00]} Be8 {[%emt 0:00:01]} 15. d5 {[%emt 0:00:02]} cxd5 {[%emt 0:00:02]} 16. cxd5 {[%emt 0:00:00]} exd5 {[%emt 0:00:01]} 17. Nxd5 {[%emt 0:00:00]} Nxd5 {[%emt 0:00:01]} 18. Bxd5+ {[%emt 0:00:00]} Kh8 {[%emt 0:00:02]} 19. Bxb7 {[%emt 0:00:01]} Rb8 {[%emt 0:00:02]} 20. Qf3 {[%emt 0:00:05]} Qb6 {[%emt 0:00:03]} 21. Bd5 {[%emt 0:00:03]} Qxb2 {[%emt 0:00:03]} 22. Rad1 {[%emt 0:00:02]} Bc5 {[%emt 0:00:03]} 23. Re2 {[%emt 0:00:02]} Qd4 {[%emt 0:00:04]} 24. Rxd4 {[%emt 0:00:01]} Bxd4 {[%emt 0:00:01]} 25. Bb3 {[%emt 0:00:04]} Bxe5 {[%emt 0:00:02]} 26. Rxe5 {[%emt 0:00:00]} Rd8 {[%emt 0:00:03]} 27. Re7 {[%emt 0:00:01]} Bc6 {[%emt 0:00:06]} 28. Qxc6 {[%emt 0:00:01]} Rd2 {[%emt 0:00:02]} 29. Qc7 {[%emt 0:00:04]} Rfd8 {[%emt 0:00:04]} 30. Rxg7 {[%emt 0:00:01] TimeB TimeB TimeB} 1-0